|
|
|
|
| LEADER |
01081nam a2200265 a 4500 |
| 001 |
GR-Patra9015 |
| 008 |
991022s1990 gr 000 0 gre d |
| 020 |
|
|
|a 9602370157
|
| 040 |
|
|
|a GrPaTEI
|b gre
|c GR-PaULI
|
| 245 |
0 |
0 |
|a Στη γη των αγνών :
|b από τις Ινδίες μου, στο Πακιστάν.
|
| 250 |
|
|
|a 2η εκδ.
|
| 260 |
|
|
|a Αθήνα :
|b Το κλειδί,
|c 1990
|
| 300 |
|
|
|a 409σ. :
|b εικ., χαρτ.
|
| 490 |
1 |
|
|a Ταξίδια στον κόσμο
|
| 650 |
|
4 |
|a ΕΛΛΗΝΙΚΗ ΛΟΓΟΤΕΧΝΙΑ
|
| 650 |
|
4 |
|a ΕΛΛΗΝΙΚΗ ΛΟΓΟΤΕΧΝΙΑ
|
| 650 |
|
4 |
|a ΜΥΘΙΣΤΟΡΗΜΑ
|
| 650 |
|
4 |
|a ΜΥΘΙΣΤΟΡΗΜΑ
|
| 700 |
1 |
|
|a Αντωνοπούλου, Κάτια
|
| 710 |
0 |
|
|a Το κλειδί
|
| 830 |
|
0 |
|1 00112108
|1 2001
|a Ταξίδια στον κόσμο
|
| 942 |
|
|
|2 ddc
|
| 952 |
|
|
|0 0
|1 0
|2 ddc
|4 0
|6 Μ_ΑΝΤ
|7 0
|9 289907
|a LISK
|b LISK
|c BSC
|d 2021-01-17
|e 24
|f 0
|g 0.00
|l 0
|o Μ ΑΝΤ
|p 9241004763
|r 2021-01-17 00:00:00
|t 1
|w 2021-01-17
|y BK15
|x 19991024 0 1
|x GrPaTEI
|
| 971 |
|
|
|a .b26565304
|b 16-04-20
|c 23-09-16
|
| 999 |
|
|
|c 169214
|d 169214
|